Statystyki dla Państwa, które można zapisać za pomocą skrótów

Kliknij tutaj aby rozwiązać quiz!

Ogólne statystyki

  • Ten quiz został rozwiązany 126 razy
  • Średni wynik to 5 z 9

Statystyki odpowiedzi

KontynentPaństwo% Poprawnych
AfrykaRepublika Południowej Afryki
93%
Ameryka PółnocnaStany Zjednoczone
93%
AfrykaDemokratyczna Republika Konga
80%
AfrykaRepublika Środkowoafrykańska
65%
AzjaZjednoczone Emiraty Arabskie
61%
AfrykaWybrzeże Kości Słoniowej
55%
AfrykaRepublika Zielonego Przylądka
47%
AzjaChińska Republika Ludowa
19%
AzjaKoreańska Republika Ludowo-Demokratyczna
12%

Rozkład punktacji

Percentyl według liczby udzielonych odpowiedzi

Procent ludzi z każdym wynikiem

Twoja historia wyników

Nie rozwiązałeś tego quizu